logo

Bir Sreshtho Munshi Abdur Rouf Library
Jhenaidah Cadet College

A dictionary of synonyms and antonyms / (Record no. 5529)

MARC details
000 -LEADER
fixed length control field 00846nam a2200265 a 4500
001 - CONTROL NUMBER
JCCL Control Number 5529
003 - CONTROL NUMBER IDENTIFIER
JCCL marc code UkOxU
005 - DATE AND TIME OF LATEST TRANSACTION
control field 20220120134023.0
008 - FIXED-LENGTH DATA ELEMENTS--GENERAL INFORMATION
fixed length control field 990409s2007 enk d 000 0 eng d
020 ## - INTERNATIONAL STANDARD BOOK NUMBER
International Standard Book Number 0198602863
035 ## - SYSTEM CONTROL NUMBER
system control number (BD-JhCC)5529
040 ## - CATALOGING SOURCE
Original cataloging agency BDS
Modifying agency BD-JhCC
041 ## - LANGUAGE CODE
Language code of Book eng
082 0# - DEWEY DECIMAL CLASSIFICATION NUMBER
Classification number 423.1
DDC Edition number 21
Author mark and Year SPO 1999
245 04 - TITLE STATEMENT
Title A dictionary of synonyms and antonyms /
Remainder of title Spooner Alan
250 ## - EDITION STATEMENT
Edition statement 2nd ed.
260 ## - PUBLICATION, DISTRIBUTION, ETC. (IMPRINT)
Place of publication, distribution, etc Oxford :
Name of publisher, distributor, etc Oxford University Press,
Date of publication, distribution, etc 2007.
300 ## - PHYSICAL DESCRIPTION
Pagination x, 514 p. ;
Dimensions 20 cm.
500 ## - GENERAL NOTE
General note Previous ed. published under the title: A dictionary of synonyms and antonyms, 1999; updated, 2005.
650 #0 - SUBJECT ADDED ENTRY--TOPICAL TERM
Topical term or geographic name as entry element English language
General subdivision Synonyms and antonyms
Form subdivision Dictionaries.
700 1# - ADDED ENTRY--PERSONAL NAME
Personal name Spooner, Alan.
Title of a work Oxford quick reference thesaurus.
830 #0 - SERIES ADDED ENTRY--UNIFORM TITLE
Uniform title Oxford paperback reference.
942 ## - ADDED ENTRY ELEMENTS (KOHA)
Source of classification or shelving scheme Dewey Decimal Classification
Koha item type Books
Koha issues (borrowed), all copies 4
Holdings
Source of classification or shelving scheme Damaged status Not for loan Home library Current library Shelving location Date of accession Total Checkouts Full call number Barcode Date last seen Date checked out Copy number Koha item type
Dewey Decimal Classification     JCC Rouf Library JCC Rouf Library General Stacks 12/04/2024 3 423.1 SPO 1999 7272 01/29/2025 12/04/2024 C - 1 Books

JCC Library | Contacts | JCC Home

Last Update on 23 September 2017
Copyright @ 2017-2020 JCC Rouf Library
Rouf Library, Jhenidah Cadet College (JCC), Bangladesh